Estatísticas para Tribunais Brasileiros

Clique aqui para jogar o quiz

Estatísticas Gerais

  • Esse quiz foi jogado 40 vezes
  • A pontuação média é 9 de 12

Estatísticas das Respostas

SiglaTribunal% Correto
TJTribunal de Justiça
92%
TRETribunal Regional Eleitoral
92%
STFSupremo Tribunal Federal
86%
TRFTribunal Regional Federal
86%
TSETribunal Superior Eleitoral
86%
TRTTribunal Regional do Trabalho
83%
TSTTribunal Superior do Trabalho
83%
TCUTribunal de Contas da União
81%
STJSuperior Tribunal de Justiça
78%
TCETribunal de Contas do Estado
67%
STMSuperior Tribunal Militar
61%
TJMTribunal de Justiça Militar
53%

Distribuição das Pontuações

Percentil de Números Respondidos

Porcentagem de Pessoas com Cada Pontuação

Sua Pontuação Histórica

Você não jogou esse quiz